000 00514nam a2200181Ia 4500
008 151018s9999 xx 000 0 und d
082 _bRBASDV32160
_a110
100 _aयु म पठाण
245 _aनंदादीप
250 _b1
260 _bयोगिता प्रकाशन पुणे
_c2000
300 _a143
600 _aयु म पठाण
630 _aनंदादीप
700 _aयु म पठाण
730 _aनंदादीप
942 _cBOOK
999 _c1031686
_d1031683